<?xml version="1.0" encoding="UTF-8"?>
<record
    xmlns:xsi="http://www.w3.org/2001/XMLSchema-instance"
    xsi:schemaLocation="http://www.loc.gov/MARC21/slim http://www.loc.gov/standards/marcxml/schema/MARC21slim.xsd"
    xmlns="http://www.loc.gov/MARC21/slim">

  <leader>01521nam a22002057a 4500</leader>
  <controlfield tag="003">DO-CoUTE</controlfield>
  <controlfield tag="005">20260523135318.0</controlfield>
  <controlfield tag="008">260523b        dr ||||| |||| 00| 0 spa d</controlfield>
  <datafield tag="040" ind1=" " ind2=" ">
    <subfield code="a">DO-CoUTE</subfield>
    <subfield code="b">spa</subfield>
    <subfield code="c">DO-CoUTE</subfield>
  </datafield>
  <datafield tag="082" ind1=" " ind2=" ">
    <subfield code="a">RD 920.72 R488r </subfield>
  </datafield>
  <datafield tag="100" ind1="1" ind2=" ">
    <subfield code="a">Ricardo, Yolanda </subfield>
    <subfield code="e">Autor </subfield>
  </datafield>
  <datafield tag="245" ind1="1" ind2="0">
    <subfield code="a">La resistencia en las Antillas tiene rostro de mujer : </subfield>
    <subfield code="b">(Transgresiones, emancipaciones ) / </subfield>
    <subfield code="c">Ricardo, Yolanda ; edici&#xF3;n: Virgilio L&#xF3;pez Lemus ; dise&#xF1;o portada: Helena Arco Mart&#xED;nez ; digramaci&#xF3;n: Iris Cuevas ; presentaci&#xF3;n: Mario Bonetti</subfield>
  </datafield>
  <datafield tag="260" ind1=" " ind2=" ">
    <subfield code="a">Santo Domingo :</subfield>
    <subfield code="b">Academia de Ciencias de la Rep&#xFA;blica Dominicana,</subfield>
    <subfield code="c">2004</subfield>
  </datafield>
  <datafield tag="300" ind1=" " ind2=" ">
    <subfield code="a">393 Paginas : </subfield>
    <subfield code="b">fotos  ; </subfield>
    <subfield code="c">23cm, </subfield>
  </datafield>
  <datafield tag="504" ind1=" " ind2=" ">
    <subfield code="a">Incluye referencia bibliogr&#xE1;fica e &#xED;ndice.</subfield>
  </datafield>
  <datafield tag="505" ind1=" " ind2=" ">
    <subfield code="a">Cap&#xED;tulo Primero. Un contexto significativo: d&#xE9;cadas transgresoras, 25. Nuestra Am&#xE9;rica bulle y crece, 41. En Cuba (1860-1900), 59. En Cuba (1900-1960), 67. En Santo Domingo (1860-1900), 83. En Santo Domingo (1900-1960), 89 | Cap&#xED;tulo Segundo. Mujeres: transgresiones, resistencia y lucha en las Grandes Antillas, 101. De Santo Domingo: p&#xE1;ginas de historia de vida, 103-159. De Cuba: p&#xE1;ginas de historias de vida, 163-217 | Cap&#xED;tulo Tercero. Institutos de se&#xF1;oritas: experiencias singulares de transgresi&#xF3;n, 221-244 | Cap&#xED;tulo Cuarto. Los hombres observan y tambi&#xE9;n valoran, 255. Ep&#xED;logo, 279. Textos complementarios, 289-350. Im&#xE1;genes elocuentes, 351</subfield>
  </datafield>
  <datafield tag="650" ind1=" " ind2="4">
    <subfield code="a">Mujeres en las antillas</subfield>
  </datafield>
  <datafield tag="700" ind1="1" ind2=" ">
    <subfield code="a">Yolanda Ricardo </subfield>
    <subfield code="e">Autor </subfield>
  </datafield>
  <datafield tag="942" ind1=" " ind2=" ">
    <subfield code="2">ddc</subfield>
    <subfield code="c">BK</subfield>
  </datafield>
  <datafield tag="999" ind1=" " ind2=" ">
    <subfield code="c">24224</subfield>
    <subfield code="d">24224</subfield>
  </datafield>
  <datafield tag="952" ind1=" " ind2=" ">
    <subfield code="0">0</subfield>
    <subfield code="1">0</subfield>
    <subfield code="2">ddc</subfield>
    <subfield code="4">0</subfield>
    <subfield code="7">0</subfield>
    <subfield code="8">RD</subfield>
    <subfield code="a">BU</subfield>
    <subfield code="b">BU</subfield>
    <subfield code="c">GEN</subfield>
    <subfield code="d">2026-05-23</subfield>
    <subfield code="i">023758</subfield>
    <subfield code="l">0</subfield>
    <subfield code="o">RD 920.72 R488r </subfield>
    <subfield code="p">023758</subfield>
    <subfield code="r">2026-05-23 13:53:43</subfield>
    <subfield code="t">Ej.1</subfield>
    <subfield code="w">2026-05-23</subfield>
    <subfield code="y">BK</subfield>
  </datafield>
</record>
